| 000 | 00852cam a22002411 4500 | ||
|---|---|---|---|
| 001 | 2172074 | ||
| 005 | 19900215103323.0 | ||
| 008 | 740506s1967 nyua | b 000 0 eng d | ||
| 010 | _a 67026451 | ||
| 040 |
_aDLC _cDLC _dDLC |
||
| 050 | 0 | 0 |
_aHQ769 _b.B346 |
| 082 | 0 | 0 |
_a372.21 _222 _bBEC |
| 100 | 1 |
_aBeck, Joan Wagner, _d1923- _910287 |
|
| 245 | 1 | 0 |
_aHow to Raise a Brighter Child: _bThe Case for Early Learning/ _cJoan Beck |
| 260 |
_aNew York: _bTrident Press, _c1967 |
||
| 300 |
_axii, 273 p.: _bill.; _c22 cm. |
||
| 500 | _aDonated by: Alaa Abdel Ghany | ||
| 504 | _aBibliography: p. 267-273. | ||
| 650 | 0 |
_aChild rearing. _910288 |
|
| 650 | 0 |
_aEducation. _910289 |
|
| 942 |
_2ddc _cBB |
||
| 999 |
_c13118 _d13118 |
||